Quizzes
Events
Quiz Creation
Community
Videos
Private Events
Remove Ads
Sign In
Join for FREE
Feedback
Dark Mode
Quiz Categories
Sports
Geography
Music
Movies
Television
Just For Fun
Miscellaneous
History
Literature
Language
Science
Gaming
Entertainment
Religion
Holiday
For Kids
Quiz Lab
Recent
Popular Today
Quiz Kudos Today
Editor Picks
Curator Picks
Quizzes by...
Day
Popularity
Type
Ratings
Length
Year
Community
Subscriptions
Recent Discussions
Orange Saloon
Badges
Playlists
Quests
Create
Leaderboards
Showdown
Live 5
Trivia Bingo
Activity
Puzzle Library
Sporcle Events
Private Events
Virtual Trivia
Globe League
Become a Host
Pub Owners
SporcleCon
Opinionation
Our Games
Videos
Blog
Mobile Apps
Partnerships
Remove Ads and Go Orange
Feedback
Gaming
Video Games
Board Games
Card Games
Pokémon
Mario
Nintendo
Minecraft
Console
Toys
Legend of Zelda
Gaming
Video Games
Board Games
Card Games
Pokémon
Mario
Nintendo
Minecraft
Console
Toys
Legend of Zelda
Random Quiz
Search Sporcle
×
Quiz Lab
Quiz Lab
Gaming
Unique
Type in answers that appear in a list
Type in answers that appear in a list
Classic
Best Score? Go Orange.
Fallout 3 Unique Weapons Stats
Can you name the Fallout 3 Unique Weapons?
By
cubbies1727
15m
64 Questions
185 Plays
185 Plays
185 Plays
Comments
Comments
Give Quiz Kudos
Give Quiz Kudos
-
- Ratings
hide this ad
Replay
Link that replays current quiz
Next Quiz
Link to next quiz in quiz playlist
You Got
0%
They Got
Avg Score
40%
Avg Friend Score
Upgrade to see
Score Distribution
Jump to the score distribution portion of the page
Score
0/64
Timer
15:00
0
Plays Today
Variant of
Weapon
% Correct
Power Fist
Fisto!
68.1%
Fat Man
Experimental MIRV
62.7%
Scoped .44 Magnum
Blackhawk
60.5%
Minigun
Eugene
60%
Nail Board
Board of Education
58.9%
Ripper
Jack
57.8%
Missile Launcher
Miss Launcher
57.8%
Combat Shotgun
The Terrible Shotgun
57.3%
Hunting Rifle
Ol' Painless
55.1%
Gatling Laser
Vengeance
54.1%
Chinese Officer's Sword
Jingwei's Shocksword
51.9%
Switchblade
Butch's Toothpick
49.7%
Pool Cue
The Break
48.6%
Sawed-
Off Shotgun
The Kneecapper
48.6%
Super Sledgehammer
Fawkes' Super Sledge
48.1%
None
Lincoln's Repeater
48.1%
Brass Knuckles
Steel Knuckles
45.9%
Tire Iron
Highwayman's Friend
45.4%
Sniper Rifle
Victory Rifle
45.4%
Alien Blaster
Captain's Sidearm
45.4%
Power Fist
The Shocker
44.9%
Auto Axe
Man Opener
44.9%
Laser Rifle
Wazer Wifle
44.9%
Alien Blaster
Firelance
43.8%
Combat Knife
Trench Knife
43.2%
Chinese Assualt Rifle
Xuanlong Assault Rifle
43.2%
Spiked Knuckles
Plunkett's Valid Points
42.2%
Sniper Rifle
Reservist's Rifle
42.2%
None
Repellent Stick
41.1%
Lever Action Rifle
Backwater Rifle
40.5%
Infiltrator
Perforator
40.5%
10mm SMG
Sydney's 10mm 'Ultra' SMG
40%
Variant of
Weapon
% Correct
Combat Knife
Occam's Razor
39.5%
Chinese Officer's Sword
Vampire's Edge
39.5%
.32 Pistol
Wild Bill's Sidearm
38.9%
Knife
Ritual Knife
37.8%
Unique
Gauss Rifle
37.8%
Shovel
Fertilizer Shovel
36.2%
10mm Pistol
Colonel Autumn's 10mm Pistol
36.2%
Plasma Rifle
A3-21's Plasma Rifle
36.2%
Flamer
Burnmaster
35.1%
Laser Pistol
Colonel Autumn's Laser Pistol
35.1%
Sledgehammer
The Tenderizer
34.6%
Knife
Toy Knife
34.6%
Scoped .44 Magnum
Callahan's Magnum
34.6%
Knife
Ant's Sting
34.1%
Combat Knife
Stabhappy
34.1%
Flamer
Slo-Burn Flamer
34.1%
Auto Axe
The Mauler
33%
Laser Pistol
Protectron's Gaze
33%
Axe
The Dismemberer
32.4%
Scoped .44 Magnum
Paulson's Revolver
31.9%
Gatling Laser
Precision Gatling Laser
31.4%
Laser Rifle
Metal Blaster
31.4%
Plasma Pistol
MPLX Novasurge
24.9%
Laser Pistol
Smuggler's End
24.9%
Flamer
Rapid-Torch Flamer
23.2%
Alien Disintegrator
Destabilizer
23.2%
Drone Cannon
Drone Cannon Ex-B
22.2%
Alien Atomizer
Atomic Pulverizer
21.6%
Unique
Microwave Emitter
21.6%
Shock Baton
Electro-Supressor
20%
None
Samurai's Sword
17.8%
Chinese Pistol
Zhu-Rong v418 Chinese Pistol
17.8%
Quiz Playlist
Details
Report
Send in Message
Add To Playlist
Classic:
Type in answers that appear in a list
Quiz Source
Last Updated: Feb 16, 2017
Quiz Scoreboard
CHALLENGE
Sign Up to Join the Scoreboard
Show All
Scores
Hide
Comments
May contain spoilers
Recently Published
Presidents Visiting Landmarks
by Hejman
History
7m
An Introduction to Baseball
by treessimontrees
Sports
5m
Movies - When Are They Set?
by FPL_Elf
Movies
5m
More to Explore
Quiz From the Vault
Featured Blog Post
Where Did the Easter Bunny Come From?
hide this ad
You Might Also Like...
Tags
fallout
Fallout 3
note
Unique
Unique Weapons
Variant
Weapons
Today's Top Quizzes in Gaming
Browse Gaming
hide this ad
Today's Top Quizzes in Unique
Browse Unique
Top Contributed Quizzes in Gaming
1
5-to-1: Consoles
2
7-to-1: Board Game Piece Blitz
3
5-to-1: Legend of Zelda
4
Destiny 2 exotic weapons by perk icons
5
Ultimate Genshin Impact Logic Puzzle (up to 4.3)
6
Franchise by Action Figure
7
Overwatch Logic Puzzle
8
Who's on the WWE 2K24 Cover?
9
Genshin Impact Logic Puzzle Quiz
10
Windmill: Pokémon
Explore More
Trending Topics
Marvel
Crossword
NBA
Disney
Anime
Kpop
Harry Potter
Puzzle
Country
Pokémon
WWE
Song
NFL
The Office
Soccer
hide this ad
More By:
cubbies1727
Quiz
Plays
Rating
Category
Featured
Created
The Simpsons: One-Off Characters
754
3.89
Television
Nov 6, 2009
2009 NFL Starting Quarterbacks (Week 1)
740
4.00
Sports
Oct 8, 2009
Pokerap
657
3.43
Television
Dec 3, 2009
Fallout 3 Quests
596
5.00
Gaming
Oct 8, 2009
Which Big 4 U.S Teams Part 2
545
4.15
Sports
Jul 2, 2010
Go to Creator's Profile
Score Distribution
Quiz Creator Spotlight
cubbies1727
Follow
Send a Message
Quizzes Created
-
Created Quiz Play Count
-
More By This Creator
Popular Quizzes Today
1
Find the US States - No Outlines Minefield
2
Find the Countries of Europe - No Outlines Minefield
3
The Countries of the World
4
Find the US States
5
Popular People in 1961
6
US States
7
Risky Map Clicking: Biggest States A-Z
8
Movies - When Are They Set?
More Gaming Quizzes
Genshin Impact Character Themes
Quiz Lab
Trending Quizzes
Risky Map Clicking: Least Populous States A-Z
1-10 Letter G Words
1-10 Letter F Words
Risky Map Clicking: Next State Alphabetically
Risky Map Clicking: Biggest States A-Z
Recently Updated
Leaping Animals
pecheneg
Reality TV Shows (A-Z)
bhenderson79
Rickey Henderson's Hall of Fame Teammates
pecheneg
Champions League XIs: Arsenal
pecheneg
Quick Pick: Celebrities in WWE's Hall of Fame
aduchscher
A-Z Keypad Blitz II
pecheneg
Multiple Oscar Actors
pecheneg
Mystery Phrase Blitz: Oscar 'Best Actors'
pecheneg
F. Scott Fitzgerald Novels
LTH
Pick 3 Villains
ddd62291
Trending Topics
Anime
Disney
Crossword
Kpop
Harry Potter
Marvel
NBA
Country
Puzzle
Soccer
Pokémon
NFL
WWE
Song
The Office
Your Account Isn't Verified!
In order to create a playlist on Sporcle, you need to verify the email address you used during registration. Go to your
Sporcle Settings
to finish the process.
Report this User
Report this user for behavior that violates our
Community Guidelines
.
Details:
Send Report
Go to the Sporcle.com Mobile Site →
Comments